| 000 | 00513nam a2200181Ia 4500 | ||
|---|---|---|---|
| 999 |
_c14251 _d14251 |
||
| 003 | OSt | ||
| 005 | 20201021111736.0 | ||
| 008 | 190216s9999||||xx |||||||||||||| ||und|| | ||
| 020 | _a9781853262739 | ||
| 040 | _coclc | ||
| 082 |
_a843.912 _bLER/P |
||
| 100 |
_aLeroux, Gaston _96016 |
||
| 245 | 4 |
_aThe Phantom Of The Opera / _cGaston Leroux |
|
| 260 |
_bWordsworth Classics , _aEngland: _c1995. |
||
| 300 | _a201p | ||
| 650 | _aEnglish | ||
| 942 |
_cBK _2ddc _h843.912 _iLER/P _k843.912 _mLER/P |
||